|
|
|
|
| LEADER |
00000cas a2200000 a 4500 |
| 001 |
vtls010588472 |
| 003 |
SK-MaSNL |
| 005 |
20260228160331.0 |
| 008 |
140408d19721977xo qr | b0slo |
| 022 |
|
|
|a 0139-8075
|
| 040 |
|
|
|a SNMK
|b slo
|c SNMK
|d SNK
|e AACR2
|
| 041 |
0 |
|
|a slo
|
| 044 |
|
|
|a xo
|c SK
|
| 072 |
|
7 |
|a 550
|x Geofyzika. Geochémia. Geobiológia. Užitá geológia
|2 konspekt
|
| 080 |
|
|
|a 550.7
|2 2001
|
| 080 |
|
|
|a (082)
|2 2011
|
| 210 |
0 |
|
|a Acta geobiol.
|
| 222 |
|
0 |
|a Acta geobiologica
|
| 245 |
0 |
0 |
|a Acta geobiologica
|
| 260 |
|
|
|a Bratislava
|b Veda
|c 1972-1977
|
| 310 |
|
|
|a 4x ročne
|
| 362 |
0 |
|
|a 1 (1972)-č. 14 (1977)
|
| 650 |
0 |
7 |
|a geobiológia
|2 SNKPH
|9 27012
|
| 650 |
0 |
7 |
|a Geobiology
|2 SNKPHeng
|9 266432
|
| 655 |
|
7 |
|a zborníky
|2 SNKPH
|9 70165
|
| 655 |
|
7 |
|a Papers of several authors
|2 SNKPHeng
|9 153738
|
| 710 |
2 |
|
|a Slovenská akadémia vied.
|b Ústav experimentálnej biológie a ekológie
|4 pbl
|9 93745
|
| 785 |
0 |
0 |
|t Acta ecologica
|x 0231-6285
|
| 910 |
|
|
|a snmk
|
| 910 |
|
|
|a snk
|
| 999 |
|
|
|c 2185
|d 4115
|
| 952 |
|
|
|0 0
|1 0
|4 0
|7 0
|a SNK
|b SNK
|d 2000-03-10
|l 0
|o snkČSC 2465/3/1974
|p 17A0231479
|r 2005-01-02 00:00:00
|t č. 7-8
|w 2026-02-21
|y PREZ
|
| 952 |
|
|
|0 0
|1 0
|4 0
|7 0
|a SNK
|b SNK
|d 2000-03-10
|l 0
|o snkČSC 2465/3/1974/príl.
|p 17A0231465
|r 2005-01-02 00:00:00
|w 2026-02-21
|y PREZ
|
| 952 |
|
|
|0 0
|1 0
|3 Príloha mapa 1-2
|4 0
|7 0
|a SNK
|b SNK
|d 2012-09-12
|i snkČSP 374/88
|l 0
|o snkČSC 2465/11/1986 D1
|p 17A7633061
|r 2026-02-21 20:30:26
|w 2026-02-21
|y PREZ
|
| 952 |
|
|
|0 0
|1 0
|4 0
|7 0
|a SNK
|b SNK
|d 2012-09-12
|i snkKSP 4475/76
|l 0
|o snkČSC 2465/2/1976 D1
|p 17A7633077
|r 2026-02-21 20:30:26
|w 2026-02-21
|y PREZ
|
| 952 |
|
|
|0 0
|1 0
|3 rekatalogizácia
|4 0
|7 0
|a SNK
|b SNK
|d 2006-03-03
|l 0
|o snkČSC 2465/13/1988 D1
|p 17A0498017
|r 2026-02-21 21:08:44
|w 2026-02-21
|y PREZ
|
| 952 |
|
|
|0 0
|1 0
|4 0
|7 0
|a SNK
|b SNK
|d 2009-10-15
|i snkČSP 1501/74
|l 0
|o snkČSC 2465/3/1974 D1
|p 17A0626015
|r 2026-02-21 21:13:04
|t len č. 7
|w 2026-02-21
|y PREZ
|
| 952 |
|
|
|0 0
|1 0
|4 0
|7 0
|a SNK
|b SNK
|d 2009-07-02
|i snkČSP 1395/82
|l 0
|o snkČSC 2465/9/1981-1982 D1
|p 17A0621764
|r 2026-02-21 21:41:17
|t č. 23-26
|w 2026-02-21
|y PREZ
|